<?xml version="1.0" encoding="UTF-8"?>
<marc:record xmlns:marc="http://www.loc.gov/MARC21/slim">
   <marc:leader>00000nam a2200000 a 4500</marc:leader>
   <marc:datafield ind1="1" ind2=" " tag="100">
      <marc:subfield code="a">Hunter, Erin</marc:subfield>
      <marc:subfield code="4">aut</marc:subfield>
      <marc:subfield code="e">Verfasser/-in</marc:subfield>
   </marc:datafield>
   <marc:datafield ind1=" " ind2=" " tag="653">
      <marc:subfield code="a">Antolin</marc:subfield>
   </marc:datafield>
   <marc:datafield ind1=" " ind2=" " tag="653">
      <marc:subfield code="a">Klasse-6</marc:subfield>
   </marc:datafield>
   <marc:datafield ind1="0" ind2="0" tag="245">
      <marc:subfield code="a">Zerissene Wolken</marc:subfield>
   </marc:datafield>
   <marc:datafield ind1=" " ind2="1" tag="264">
      <marc:subfield code="b">Beltz und Gelberg</marc:subfield>
      <marc:subfield code="c">2018</marc:subfield>
   </marc:datafield>
   <marc:datafield ind1="1" ind2=" " tag="490">
      <marc:subfield code="a">Warrior Cats - Vision von Schatten</marc:subfield>
   </marc:datafield>
   <marc:datafield ind1="1" ind2=" " tag="520">
      <marc:subfield code="a">Kurzbeschreibung des Verlags

Der SchattenClan ist gefallen, die meisten seiner Katzen sind zum DonnerClan geflohen. Eine Gruppe Streuner und einige SchattenClan-Krieger regieren nun das Territorium im Nadelwald und ihr grausamer Anführer Dunkelschweif will auch die anderen Clans erobern. Erlenherz, der Heiler des DonnerClans, ist überzeugter denn je, dass ihre einzige Hoffnung die Prophezeiung des SternenClans ist: Sie müssen herausfinden, wo die Katzen vom WolkenClan sind - und, ob sie überhaupt noch leben.</marc:subfield>
   </marc:datafield>
   <marc:datafield ind1=" " ind2=" " tag="020">
      <marc:subfield code="a">9783407823458</marc:subfield>
      <marc:subfield code="9">9783407823458</marc:subfield>
   </marc:datafield>
</marc:record>
